| 000 | 01709nam a22004217a 4500 | ||
|---|---|---|---|
| 001 | 000104184 | ||
| 003 | CHAP | ||
| 005 | 20220329143715.0 | ||
| 008 | 110314s2011 mx r 00010 spa d | ||
| 010 | _a100646 | ||
| 011 | _a101618 | ||
| 035 | _a112306 | ||
| 040 | _cCHAP | ||
| 090 | _aTesis | ||
| 100 | 1 |
_aRaya Sánchez, Rodolfo Zahir. _994818 |
|
| 245 | 1 | 0 |
_aControl biologico de Clavibacter michiganensis subsp. Michiganensis Smith., en jitomate, bajo invernadero, Chapingo, México _h[En línea] _c/por Rodolfo Zahir Raya Sánchez. |
| 260 |
_aChapingo, Méx. : _bEl autor, _c2011. |
||
| 500 | _aPar ver el contenido del material haga clic en la liga | ||
| 502 | _aTesis (ing. Agr. Esp. en parasitología Agrícola) -- UACH. Departamento de Parasitología Agrícola | ||
| 590 |
_aALEPH _b10 _c20130110 _lUCH01 _h1539 |
||
| 590 |
_aBATCH-UPD _b10 _c20130110 _lUCH01 _h1239 |
||
| 590 |
_aBATCH-UPD _b10 _c20130410 _lUCH01 _h0806 |
||
| 590 |
_aBATCH-UPD _b10 _c20130914 _lUCH01 _h0948 |
||
| 590 |
_aBATCH-UPD _b10 _c20140324 _lUCH01 _h1523 |
||
| 590 |
_aCONVERSION _b10 _c20130109 _lUCH01 _h1355 |
||
| 590 |
_aE11695DGD _b10 _c20150818 _lUCH01 _h1057 |
||
| 590 |
_aE11695DGD _b10 _c20150818 _lUCH01 _h1059 |
||
| 650 | 1 | 4 |
_aClavibacter michiganensis. _923721 |
| 650 | 1 | 4 |
_aControl biológico de enfermedades. _927579 |
| 650 | 1 | 4 |
_aCultivos _zMéxico (Edo.). _930364 |
| 650 | 1 | 4 |
_aTomate _xCultivos en invernadero. _9113704 |
| 856 |
_3Finding aid _uhttp://10.13.5.2/tesis/112306.pdf _zTeclea aqui |
||
| 901 | _aBK | ||
| 942 | _cFOLL | ||
| 942 | _n0 | ||
| 949 |
_aTesis _bBC _cTES _d33724002237686 _eTS1 _gDonaciØn _h52069 _i112306 _st |
||
| 949 |
_aTesis _bBC _cTES _d33724002239181 _eTS2 _fc.2 _gDonaciØn _h52070 _i112306 _st |
||
| 999 |
_c100646 _d100646 |
||